Movie Decades Click Quiz #7 - Statistics

General Stats
  • This quiz has been taken 2,571 times
  • The average score is 14 of 25
Answer Stats
Hint Answer % Correct
79%
77%
77%
77%
76%
68%
67%
63%
60%
60%
56%
54%
52%
51%
49%
48%
46%
45%
42%
42%
40%
37%
32%
30%
29%
No matching quizzes found
Score Distribution
Percent of People with Each Score
Percentile by Number Answered
Your Score History
You have not taken this quiz